Roark's Formulas for stress and strain, 8/e (Record no. 327478)

000 -LEADER
fixed length control field 00438 a2200157 4500
001 - CONTROL NUMBER
control field 92405
082 ## - DEWEY DECIMAL CLASSIFICATION NUMBER
Classification number 624.1760212 YOU
090 ## - LOCALLY ASSIGNED LC-TYPE CALL NUMBER (OCLC); LOCAL CALL NUMBER (RLIN)
-- 44375
-- 44376
100 ## - MAIN ENTRY--PERSONAL NAME
Personal name Young, Warren C; Richard G Budynas; Ali M Sadegh
245 ## - TITLE STATEMENT
Title Roark's Formulas for stress and strain, 8/e
250 ## - EDITION STATEMENT
Edition statement 8
260 ## - PUBLICATION, DISTRIBUTION, ETC.
Place of publication, distribution, etc. New York
Name of publisher, distributor, etc. McGraw-Hill
Date of publication, distribution, etc. 2012
300 ## - PHYSICAL DESCRIPTION
Extent xviii, 1054 p.
650 ## - SUBJECT ADDED ENTRY--TOPICAL TERM
Topical term or geographic name entry element stress and strain-formulas
740 ## - ADDED ENTRY--UNCONTROLLED RELATED/ANALYTICAL TITLE
Uncontrolled related/analytical title stress strain
942 ## - ADDED ENTRY ELEMENTS (KOHA)
Institution code [OBSOLETE] NUST-CAE
Call number prefix 624.1760212 YOU
Holdings
Withdrawn status Lost status Damaged status Not for loan Collection code Permanent Location Current Location Date acquired Total Checkouts Full call number Barcode Date last seen Price effective from Koha item type
          College of Aeronautical Engineering (CAE) College of Aeronautical Engineering (CAE) 04/03/2017   624.1760212 YOU CAE88644 04/05/2017 04/05/2017 Book
© 2023 Central Library, National University of Sciences and Technology. All Rights Reserved.